Countries with the Most IB Schools - Statistics

General Stats
  • This quiz has been taken 72 times
    34 since last reset
  • The average score is 14 of 21
Answer Stats
Schools (total) Answer % Correct
1,930 United States
100%
380 Canada
97%
132 United Kingdom
97%
297 China
90%
244 Spain
87%
228 India
80%
63 Brazil
77%
82 Germany
77%
115 Japan
77%
54 Switzerland
77%
213 Australia
67%
114 Mexico
67%
48 South Korea
63%
70 Indonesia
57%
63 United Arab Emirates
57%
54 Argentina
53%
69 Poland
53%
117 Turkey
47%
51 Egypt
40%
81 Peru
30%
83 Ecuador
20%
No matching quizzes found
Score Distribution
Percent of People with Each Score
Percentile by Number Answered
Your Score History
You have not taken this quiz since the last reset